000 00451nam a22001577a 4500
005 20251121100852.0
008 251121b |||||||| |||| 00| 0 eng d
020 _a979-8-88715-412-1
100 _aDAVENPORT, VANESSA
245 _aHOTEL, TOURISM AND CATERING MANAGEMENT
260 _aDUBLIN
_bORYSON PRESS
_c2024
300 _aVIII, 300P.
500 _aINCLUDES INDEX
650 _a1. HOSPITALITY INDUSTRY 2. TOURISM MANAGEMENT
942 _2lcc
_cBK
999 _c216245
_d216245